Statistiques concernant Focus sur: Beleth - Tolkien

Cliquez ici pour prendre le quiz!

Statistiques générales

  • Ce quiz a été pris 2 fois
  • Le résultat moyen est 4 sur 9

Statistiques - réponses

Informations recherchéesRéponses% Correct
EspèceHomme
100%
Age durant lequel il vécutPremier
100%
ContréeDorthonion
50%
Première mentionLe Silmarillion
50%
Couleur des cheveuxNoir
50%
Maison (lignée)Peuple de {Bëor}
50%
Baragund
0%
FrèresBelegund
0%
PèreBregolas
0%

Distribution des résultats

Percentile par nombre de réponses

% des personnes avec chaque résultat

Votre développement - résultats

Vous n’avez pas pris ce quiz